DC Comics Poster Covers Quiz Stats

 Plays Quiz Updated Jul 14, 2018

Also try: Superhero Shoes
Challenge
Share
Tweet
Score 0/18 Timer 08:00
4 Plays Today
% Correct
300
93.3%
The Matrix
81.9%
Free Willy
81.6%
Magic Mike
76.2%
The Wizard of Oz
75.3%
The Mask
72.6%
Gone with the Wind
71.9%
Beetlejuice
66.7%
Harry Potter and the Sorcerer's Stone
64.7%
% Correct
Bill & Ted's Excellent Adventure
63.6%
North by Northwest
59.8%
Jailhouse Rock
58.8%
Mars Attacks!
55.4%
2001: A Space Odyssey
52.2%
Purple Rain
45.6%
Westworld
45.1%
Enter the Dragon
42%
The Fugitive
34.8%

You're not logged in!

Compare scores with friends on all Sporcle quizzes.
Join for Free
OR
Log In

You Might Also Like...

Show Comments

Extras

Top Quizzes Today


Score Distribution

Your Account Isn't Verified!

In order to create a playlist on Sporcle, you need to verify the email address you used during registration. Go to your Sporcle Settings to finish the process.

Report this User

Report this user for behavior that violates our Community Guidelines.

Details: